[Event "Challenge"]
[Site "http://www.queenalice.com/game.php?id=183220"]
[Date "2007.3.16"]
[Round "-"]
[White "Hugo62"]
[Black "likikou"]
[Result "0-1"]
[WhiteElo "1117"]
[BlackElo "1366"]

1. d4 d5 2. Nc3 Nc6 3. Nf3 e6 4. e3 Bb4 5. Bb5 a6 6. Ba4 Nf6 7. Ne5 O-O 8. a3
Bd6 9. Nf3 h6 10. O-O Ng4 11. h3 Nf6 12. b3 Ne4 13. Ne2 b5 14. Bxb5 axb5 15. Ra2
e5 16. Qd3 Nf6 17. Qxb5 Ba6 18. Qa4 Bxe2 19. Re1 Bxf3 20. gxf3 Rxa4 21. bxa4
exd4 22. exd4 Nxd4 23. Bb2 Nxf3+ 24. Kg2 Nxe1+ 25. Kf1 Qe8 26. Ra1 Nxc2 27. Rc1
Qe4 28. a5 c6 29. a6 Bb8 30. h4 Ng4 31. f3 Qxf3+ 32. Kg1 Bh2# 0-1

[Event "Challenge"]
[Site "http://www.queenalice.com/game.php?id=185439"]
[Date "2007.3.21"]
[Round "-"]
[White "berguette"]
[Black "likikou"]
[Result "1/2-1/2"]
[WhiteElo "1173"]
[BlackElo "1360"]

1. e4 e5 2. Nf3 Nc6 3. c3 Bc5 4. d4 Be7 5. dxe5 d6 6. Nd4 Nxe5 7. f4 Ng4 8. h3
N4f6 9. Bb5+ Kf8 10. Nf5 Nxe4 11. Nxe7 Qxe7 12. O-O Nh6 13. Nd2 Ng3 14. Re1 Qh4
15. Nb3 Bd7 16. Re3 Nhf5 17. Nd2 Bxb5 18. Qe1 d5 19. Nf3 Qxf4 20. Qf2 h6 21. Re5
Qa4 22. Bd2 Re8 23. Rxf5 Nxf5 24. b3 Qe4 25. Re1 Ne3 26. Rxe3 Qg6 27. Ne5 Qb1+
28. Re1 Qxa2 29. Nxf7 Kg8 30. Rxe8+ Bxe8 31. Nxh8 Kxh8 32. Qf8+ Kh7 33. Qxe8
Qb1+ 34. Kf2 Qd1 35. Qe3 1/2-1/2

[Event "Challenge"]
[Site "http://www.queenalice.com/game.php?id=185647"]
[Date "2007.3.21"]
[Round "-"]
[White "likikou"]
[Black "Hugo62"]
[Result "1/2-1/2"]
[WhiteElo "1372"]
[BlackElo "1132"]

1. e4 e5 2. Nf3 Nf6 3. Nxe5 Nxe4 4. f3 f6 5. fxe4 fxe5 6. Nc3 Nc6 7. Be2 a5 8.
Bh5+ g6 9. Bg4 Qh4+ 10. g3 Qf6 11. Rf1 Qg5 12. h4 Qe7 13. Nd5 Qg7 14. Nxc7+ Kd8
15. Nxa8 a4 16. c4 Nd4 17. b3 Bb4 18. bxa4 Qg8 19. Nb6 h6 20. a5 Bxa5 21. Nxc8
Kxc8 22. Qa4 b6 23. Qxd7+ Kb8 24. Qb7+ Kxb7 25. Ba3 Qxc4 26. Rc1 Qxa2 27. Bd6
Bxd2+ 28. Kd1 Nb3 29. Rc2 Qb1+ 30. Ke2 Qxc2 31. Kf2 Qxe4 32. Bf3 Rf8 33. Bxf8
Qxf3+ 34. Kxf3 Nd4+ 35. Kg2 e4 36. Rd1 Nb3 37. Bd6 e3 38. Bf4 b5 39. Kf1 b4 40.
g4 Kb6 41. Bxh6 Kb5 42. Bg7 Ka4 43. g5 Kb5 44. Ke2 Kc5 45. Bf8+ Kd5 46. Rb1 Nd4+
47. Kd1 b3 48. h5 e2+ 49. Kxd2 Ke5 50. h6 Kf5 51. Bc5 Nf3+ 52. Kxe2 Nxg5 53.
Rf1+ Ke5 54. Rd1 b2 55. Bd6+ Kf5 56. Ke3 Nf7 57. Bf8 g5 58. h7 g4 59. Ba3 Kg6
60. Rh1 g3 61. Rg1 Kxh7 62. Bxb2 Nd6 63. Rxg3 Nf5+ 64. Kf4 Nxg3 65. Kxg3 Kg8 66.
Kh4 Kf7 67. Kg5 Ke6 68. Bf6 Kf7 69. Kf5 Ke8 70. Ke6 Kf8 71. Be7+ Kg7 72. Bf6+
Kg6 73. Ke5 Kh5 74. Kf5 Kh6 75. Bg5+ Kg7 76. Bf6+ Kf7 77. Ke5 1/2-1/2

[Event "Challenge"]
[Site "http://www.queenalice.com/game.php?id=185763"]
[Date "2007.3.21"]
[Round "-"]
[White "maxpeigne"]
[Black "likikou"]
[Result "1-0"]
[WhiteElo "1615"]
[BlackElo "1381"]

1. e4 e5 2. Nf3 Nc6 3. Bb5 a6 4. Ba4 b5 5. Bb3 Nd4 6. Nxd4 c5 7. Qf3 f6 8. Nf5
Nh6 9. Nxh6 gxh6 10. Qh5+ Ke7 11. Qf7+ Kd6 12. Qd5+ Kc7 13. Qxa8 Kd6 14. d3 Ke7
15. Qd5 Ke8 16. Qf7# 1-0

[Event "AUTO-OPEN-596"]
[Site "http://www.queenalice.com/game.php?id=185877"]
[Date "2007.3.22"]
[Round "1"]
[White "likikou"]
[Black "takadiyi"]
[Result "0-1"]
[WhiteElo "1284"]
[BlackElo "1641"]

1. e4 e5 2. Nf3 Nc6 3. Bc4 Nd4 4. Nxd4 exd4 5. O-O d6 6. f3 Nf6 7. Bb5+ Bd7 8.
Bxd7+ Qxd7 9. g4 O-O-O 10. Na3 h5 11. c3 hxg4 12. fxg4 Nxg4 13. Rf4 Nxh2 14. Qe2
dxc3 15. dxc3 Qh3 0-1

[Event "AUTO-OPEN-596"]
[Site "http://www.queenalice.com/game.php?id=185878"]
[Date "2007.3.22"]
[Round "1"]
[White "takadiyi"]
[Black "likikou"]
[Result "1-0"]
[WhiteElo "1632"]
[BlackElo "1327"]

1. e4 e5 2. Nc3 Nf6 3. Nf3 Bc5 4. Bc4 Nc6 5. O-O Ng4 6. d4 exd4 7. Nxd4 Bxd4 8.
Qxg4 O-O 9. Bg5 Ne7 10. Nd5 f6 11. Nxf6+ Kh8 12. Nxh7 Kxh7 13. Qh5# 1-0

[Event "AUTO-OPEN-596"]
[Site "http://www.queenalice.com/game.php?id=185881"]
[Date "2007.3.22"]
[Round "1"]
[White "likikou"]
[Black "gomery"]
[Result "0-1"]
[WhiteElo "1306"]
[BlackElo "1817"]

1. e4 c6 2. Nc3 d5 3. f3 d4 4. Na4 e5 5. h3 b5 6. b3 bxa4 7. bxa4 Ba6 8. d3 Bb4+
9. Bd2 Bxd2+ 10. Qxd2 Nf6 11. Rb1 O-O 12. Ne2 Nbd7 13. Qb4 Rb8 14. Qd6 Rxb1+ 15.
Kd2 Qa5+ 16. c3 dxc3+ 17. Nxc3 Rfb8 18. g4 R8b2+ 0-1

[Event "AUTO-OPEN-596"]
[Site "http://www.queenalice.com/game.php?id=185882"]
[Date "2007.3.22"]
[Round "1"]
[White "gomery"]
[Black "likikou"]
[Result "1-0"]
[WhiteElo "1815"]
[BlackElo "1308"]

1. e4 e5 2. Nf3 Nc6 3. Bb5 a6 4. Ba4 b5 5. Bb3 Nf6 6. O-O h5 7. Re1 Bc5 8. d3
Ng4 9. Be3 d6 10. Bxc5 dxc5 11. Nc3 h4 12. h3 Nh6 13. Bd5 Qd7 14. Nxe5 Nxe5 15.
Bxa8 c4 16. d4 Nc6 17. Bxc6 Qxc6 18. Qd2 O-O 19. Rad1 b4 20. Nd5 1-0

[Event "Challenge"]
[Site "http://www.queenalice.com/game.php?id=191058"]
[Date "2007.4.3"]
[Round "-"]
[White "rubon"]
[Black "likikou"]
[Result "1-0"]
[WhiteElo "1303"]
[BlackElo "1304"]

1. d4 e6 2. c4 Nc6 3. e3 Nf6 4. Nf3 Ne4 5. d5 exd5 6. cxd5 Nb4 7. Nc3 Qe7 8. Bd3
Ng5 9. e4 c6 10. Nxg5 f6 11. Nf3 1-0

[Event "Challenge"]
[Site "http://www.queenalice.com/game.php?id=191303"]
[Date "2007.4.3"]
[Round "-"]
[White "berguette"]
[Black "likikou"]
[Result "1/2-1/2"]
[WhiteElo "1162"]
[BlackElo "1327"]

1. Nf3 g6 2. e4 Bh6 3. d3 c5 4. Nc3 Nf6 5. Nd5 e6 6. Nxf6+ Qxf6 7. Bxh6 Nc6 8.
Be2 Nd4 9. Nxd4 cxd4 10. c3 dxc3 11. Qc2 b5 12. bxc3 a5 13. Rb1 b4 14. cxb4 axb4
15. Rxb4 Qa1+ 16. Bd1 Rxa2 17. Qxc8+ Ke7 18. Qc5+ d6 19. Qc7+ Kf6 20. Rb5 Ra7
21. Qd8+ Rxd8 22. Ke2 Ra2+ 23. Ke3 Ra5 24. Be2 Qa4 25. Rb7 Rb5 26. Bd1 Qa6 27.
Rc7 Qb6+ 28. Kf3 Qxc7 29. h4 Qc3 30. Bg5+ Kg7 31. Ba4 Ra5 32. Bd1 Qxd3+ 33. Kf4
Rf5+ 34. exf5 Rc8 35. Rh3 Qxd1 36. Bf6+ Kg8 37. Ra3 e5+ 38. Kg5 Qd2+ 39. f4 exf4
40. Kh6 Kf8 41. Bg7+ Ke8 42. Ra7 Qd5 43. Bf6 Qxf5 44. Be7 Qh5+ 45. Kg7 Rc7 46.
Rxc7 Qc5 47. Ra7 Qxa7 48. Bf8 Qd4+ 49. Kxh7 d5 50. Kg8 Qf2 51. Kg7 Qxg2 52. Kf6
Qb2+ 53. Kg5 Qe5+ 1/2-1/2

[Event "Challenge"]
[Site "http://www.queenalice.com/game.php?id=191304"]
[Date "2007.4.3"]
[Round "-"]
[White "berguette"]
[Black "likikou"]
[Result "1/2-1/2"]
[WhiteElo "1169"]
[BlackElo "1320"]

1. Nf3 Nc6 2. Nc3 e5 3. e4 Bc5 4. Bb5 a6 5. Bc4 Bd4 6. Nxd4 Nxd4 7. Qh5 g6 8.
Qxe5+ Qe7 9. Qxd4 Nf6 10. Nd5 Nxd5 11. Qxd5 c6 12. Qxf7+ Qxf7 13. Bxf7+ Kxf7 14.
O-O Re8 15. Re1 d5 16. d3 b5 17. Bh6 Kg8 18. Re3 Bg4 19. Rg3 Be6 20. Re1 Rf8 21.
Ree3 d4 22. Ref3 Rxf3 23. Rxf3 Bg4 24. Rg3 Bd1 25. f4 Bxc2 26. f5 Bxd3 27. fxg6
Rf8 28. h3 Rf1+ 29. Kh2 Rf2 30. Rg5 Bf1 31. Re5 Rf8 32. Re7 d3 33. Bxf8 d2 34.
Rd7 Kxf8 35. Rxd2 c5 36. Rf2+ Kg7 37. e5 Bc4 38. Rf4 hxg6 39. e6 Bxe6 40. Re4
Bxa2 41. g4 Bd5 42. Re7+ Bf7 43. h4 Kh6 44. Re5 c4 45. h5 b4 46. Re7 Bd5 47. Kg3
b3 48. Kh4 c3 49. bxc3 g5+ 50. Kg3 b2 51. Re1 a5 52. Rb1 Ba2 53. Rxb2 Bd5 54.
Rb6+ Kh7 55. Rd6 Bf7 1/2-1/2

[Event "Challenge"]
[Site "http://www.queenalice.com/game.php?id=191305"]
[Date "2007.4.3"]
[Round "-"]
[White "likikou"]
[Black "Hugo62"]
[Result "0-1"]
[WhiteElo "1351"]
[BlackElo "1148"]

1. e4 e5 2. Nc3 Nf6 3. Bc4 Be7 4. Nd5 Nxd5 5. Bxd5 O-O 6. Qh5 g6 7. Qxe5 d6 8.
Qg3 c6 9. Bb3 Na6 10. Nf3 Nc5 11. d3 Qa5+ 12. Kf1 Bd7 13. d4 Nxe4 14. Qf4 Ng5
15. Nxg5 h6 16. Ne4 d5 17. Nd6 g5 18. Qd2 b6 19. Nb7 Qa6+ 20. Ke1 Qxb7 21. a4 f6
22. Qe3 Rfe8 23. c4 Qa6 24. Qh3 Bxh3 25. gxh3 Bb4+ 26. Kd1 Qc8 27. Bd2 Bxd2 28.
Kxd2 Qxh3 29. Rhe1 Qxh2 30. Rh1 Qxf2+ 31. Kd3 Re3# 0-1

[Event "Challenge"]
[Site "http://www.queenalice.com/game.php?id=191312"]
[Date "2007.4.3"]
[Round "-"]
[White "likikou"]
[Black "maxpeigne"]
[Result "0-1"]
[WhiteElo "1311"]
[BlackElo "1642"]

1. Nc3 e5 2. e4 Nf6 3. b4 Bxb4 4. Nf3 Nc6 5. Bc4 O-O 6. O-O d6 7. a3 Bxc3 8.
dxc3 Nxe4 9. Bg5 Nxg5 10. a4 Bg4 11. h3 Nxf3+ 12. gxf3 Bxh3 0-1

[Event "Challenge"]
[Site "http://www.queenalice.com/game.php?id=191313"]
[Date "2007.4.3"]
[Round "-"]
[White "maxpeigne"]
[Black "likikou"]
[Result "1-0"]
[WhiteElo "1639"]
[BlackElo "1314"]

1. e4 Nf6 2. e5 Nd5 3. d4 Na6 4. Nf3 b5 5. Bxb5 c6 6. Ba4 f6 7. O-O g5 8. exf6
exf6 9. Re1+ Be7 10. b3 g4 11. Nh4 h5 12. Ng6 Rh7 13. Nxe7 Nxe7 14. Nc3 1-0

[Event "Challenge"]
[Site "http://www.queenalice.com/game.php?id=191776"]
[Date "2007.4.4"]
[Round "-"]
[White "likikou"]
[Black "chtoma"]
[Result "0-1"]
[WhiteElo "1304"]
[BlackElo "861"]

1. c4 Nh6 2. Qa4 a5 3. c5 Nc6 4. Nc3 Nf5 5. e4 Nh6 6. Nd5 e6 7. Nf4 Bxc5 8. Nfh3
Bb4 9. Nf3 f6 10. a3 Bc5 11. d3 O-O 12. Be3 Bd6 13. d4 b6 14. d5 Ne5 15. Rc1
Nhg4 16. Bf4 h5 17. Nh4 Bc5 18. f3 Nh6 19. g4 f5 20. exf5 exf5 21. gxf5 Nxf5 22.
Nxf5 Rxf5 23. Rg1 Nxf3+ 24. Kd1 Nxg1 25. Nxg1 Bxg1 26. Qe4 Rf8 27. Qg2 Rf7 28.
Qxg1 Rxf4 29. Bd3 Kf8 30. Bg6 Rf6 31. Bxh5 c6 0-1